Skip to main content
Your cart is empty.
Your lists
Log in to create your own lists
Your cookies
العربية
English
العربية
Home
Search
Advanced search
Authority search
About
The noble scholar, jurist, historian
His Excellency Dr. Abdul Wahhab bin Ibrahim Abu Sulaiman, may Allah have mercy on him.
He was born in Umm Al-Qura in the year 1356 AH.
Library catalog
Title
Author
Subject
ISBN
ISSN
Series
Call number
Log in to your account
×
Login:
Password:
Home
MARC view: الزهور المقتطفة من تاريخ مكة المشرفة /
Normal view
MARC view
ISBD view
الزهور المقتطفة من تاريخ مكة المشرفة / (Record no. 7858)
[
view plain
]
MARC details
000 -LEADER
fixed length control field
01844cam a22003371i 4500
003 - CONTROL NUMBER IDENTIFIER
control field
SA-RiAUC
005 - DATE AND TIME OF LATEST TRANSACTION
control field
20250512093054.0
008 - FIXED-LENGTH DATA ELEMENTS--GENERAL INFORMATION
fixed length control field
250512s2001 le h g b 001 0 ara c
020 ## - INTERNATIONAL STANDARD BOOK NUMBER
International Standard Book Number
2745131540
040 ## - CATALOGING SOURCE
Original cataloging agency
JO-IrYU
Language of cataloging
ara
Transcribing agency
SA-RiAUC
Description conventions
rda
043 ## - GEOGRAPHIC AREA CODE
Geographic area code
a-su---
050 #4 - LIBRARY OF CONGRESS CALL NUMBER
Item number
T37 2001
082 04 - DEWEY DECIMAL CLASSIFICATION NUMBER
Classification number
953.121
Assigning agency
SA-RiAUC
090 ## - LOCALLY ASSIGNED LC-TYPE CALL NUMBER (OCLC); LOCAL CALL NUMBER (RLIN)
Classification number (OCLC) (R) ; Classification number, CALL (RLIN) (NR)
953.121
Local cutter number (OCLC) ; Book number/undivided call number, CALL (RLIN)
ت ق ي
100 1# - MAIN ENTRY--PERSONAL NAME
Personal name
التقي الفاسي، محمد بن أحمد بن علي،
Dates associated with a name
775-832 هجري
Relator term
مؤلف.
245 12 - TITLE STATEMENT
Title
الزهور المقتطفة من تاريخ مكة المشرفة /
Statement of responsibility, etc.
تأليف تقي الدين أبي الطيب محمد بن أحمد بن علي الفاسي. ويليه مناظرة أهل البدع في القرآن / تأليف موفق الدين أبي محمد أبي قدامة المقدسي ؛ تحقيق محمد حسن إسماعيل.
250 ## - EDITION STATEMENT
Edition statement
الطبعة الأولى.
264 #1 - PRODUCTION, PUBLICATION, DISTRIBUTION, MANUFACTURE, AND COPYRIGHT NOTICE
Place of production, publication, distribution, manufacture
بيروت :
Name of producer, publisher, distributor, manufacturer
دار الكتب العلمية،
Date of production, publication, distribution, manufacture, or copyright notice
2001
300 ## - PHYSICAL DESCRIPTION
Extent
167، 55 صفحة :
Other physical details
مثيليات ؛
Dimensions
24 سم
336 ## - CONTENT TYPE
Content type term
نص
Content type code
txt
Source
rdacontent
Materials specified
كتاب
337 ## - MEDIA TYPE
Media type term
بدون وسيط
Media type code
n
Source
rdamedia
338 ## - CARRIER TYPE
Carrier type term
مجلد
Carrier type code
nc
Source
rdacarrier
500 ## - GENERAL NOTE
General note
كشاف : صفحة 53-167.
504 ## - BIBLIOGRAPHY, ETC. NOTE
Bibliography, etc. note
يشتمل على إرجاعات ببليوجرافية.
651 #7 - SUBJECT ADDED ENTRY--GEOGRAPHIC NAME
Geographic name
مكة المكرمة
General subdivision
تاريخ
Chronological subdivision
عصر صدر الإسلام، 13 قبل الهجرة-41 هجري
Source of heading or term
aucsh
700 1# - ADDED ENTRY--PERSONAL NAME
Personal name
الشافعي، محمد حسن محمد حسن إسماعيل
Relator term
محقق.
700 12 - ADDED ENTRY--PERSONAL NAME
Relationship information
تحقيق لـ :
Personal name
التقي الفاسي، محمد بن أحمد بن علي،
Dates associated with a name
775-832 هجري.
Title of a work
الزهور المقتطفة من تاريخ مكة المشرفة
700 12 - ADDED ENTRY--PERSONAL NAME
Relationship information
مع :
Personal name
ابن قدامة، عبد الله بن أحمد،
Dates associated with a name
541-620 هجري
942 ## - ADDED ENTRY ELEMENTS (KOHA)
Source of classification or shelving scheme
Dewey Decimal Classification
Koha item type
Books
Suppress in OPAC
No
949 ## - LOCAL PROCESSING INFORMATION (OCLC)
a
SA-JeALM
d
250512
u
mohamedma123
n
1
Holdings
Withdrawn status
Lost status
Source of classification or shelving scheme
Damaged status
Not for loan
Home library
Current library
Date acquired
Total checkouts
Full call number
Barcode
Date last seen
Price effective from
Koha item type
Dewey Decimal Classification
DR AbdElwahab Library
DR AbdElwahab Library
05/12/2025
953.121 ت ق ي
000013131
05/12/2025
05/12/2025
Books
Place hold
Print
Add to your cart
(remove)
Save record
BIBTEX
Dublin Core
MARCXML
MARC (non-Unicode/MARC-8)
MARC (Unicode/UTF-8)
MARC (Unicode/UTF-8, Standard)
MODS (XML)
RIS
ISBD
More searches
Search for this title in:
Other Libraries (WorldCat)
Other Databases (Google Scholar)
Online Stores (Bookfinder.com)
Open Library (openlibrary.org)
Exporting to Dublin Core...
×
Simple DC-RDF
OAI-DC
SRW-DC